Normal view
MARC view
- Teachers, Training of
Entry Topical Term
001 - CONTROL NUMBER
- control field: 8175
003 - CONTROL NUMBER IDENTIFIER
- control field: OSt
005 - DATE AND TIME OF LATEST TRANSACTION
- control field: 20170525125056.0
008 - FIXED-LENGTH DATA ELEMENTS
- fixed length control field: 170525|| aca||aabn | a|a d
040 ## - CATALOGING SOURCE
- Original cataloging agency: OSt
- Transcribing agency: OSt
150 ## - HEADING--TOPICAL TERM
- Topical term or geographic name entry element: Teachers, Training of
- Geographic subdivision: Malaya
670 ## - SOURCE DATA FOUND
- Source citation: Work cat.: (OSt)0: Awang Had Salleh, Tan Sri Dato', 1934- 4543, Pelajaran dan perguruan Melayu di Malaya Zaman British /, 1980

PORTAL AKMAL
E-MEL JKDM
AKMAL2U
G-BAM
u-PUSTAKA